000 02747nam a22002537a 4500
005 20220111093928.0
008 220110b ||||| |||| 00| 0 eng d
020 _a9789352533121
040 _cAL
041 _aEng
082 _223
_a510.2465
_bHAZT
100 _aPadmalochan Hazarika
_912859
245 _aTextbook of Business Mathematics
250 _aEd 4.
260 _aNew Delhi
_bS Chand And Company Limited
_c2021
300 _axvi,719 p.
_bPB
_c24x17 cm.
365 _a4971
_b₹420.00
_c
_d₹525.00
_e20%
_f06-01-2022
520 _aThe new edition of A Textbook of Business Mathematics inches on its earlier editions and continues to provide a comprehensive coverage of important topics and concepts in business mathematics. The book is carefully written and structured to simplify business maths and equips students with the knowledge and practice they need to fully learn each concept. Abundant solved examples and exercises incorporated in the text help in effective learning process and examination preparation for students.
520 _aFeatures • Incorporation of important techniques of Operations Research such as transportation and assignment problem • More than 750 solved examples and exercises with solutions for extensive practice • Objective-type questions to test learning - a distinctive new feature of this edition Table of Contents Unit-I: Algebra • Revision of Basic Algebra and Commercial Arithmetic • Indices and Logarithms • Simultaneous Linear Equations and Quadratic Equations • Arithmetic Progression (A.P.), Geometric Progression (G.P.) and Harmonic Progression (H.P.) • Permutation and Combination • Binomial Theorem • Set Theory • Determinants • Vectors and Matrices Unit-II: Mathematics of Finance • Simple Interest and Compound Interest • Annuity Unit-III: Coordinate Geometry of Two Dimensions • Rectangular Cartesian Coordinates in a Plane • Equations of Straight Lines • Equations of Non-Linear Curves: Circle and Parabola Unit-IV: Calculus • Functions, Limits and Continuity of Functions • Derivative or Differential Coefficient • Application of Derivative in Economics and Commerce • Maxima and Minima • Partial Derivatives and Homogeneous Functions • Integration as Antiderivative • Definite Integral and Application of Integration in Business and Economics Unit-V: Certain Techniques of Operations Research • Introduction to Operations Research (OR) • Linear Programming • Basic Concepts of Transportation Problem and Assignment Problem • Theory of Games
650 _aTextbook of Mathematics
_912782
650 _aBusiness Mathematics
_912783
700 _aHAZARIKA (Padmalochan)
_912784
942 _2ddc
_cBK
999 _c221132
_d221132